[Event "Balkan-ch U10"]
[Site "Tornelo INT"]
[Date "2020.11.01"]
[Round "5"]
[White "Yordanov, Mario"]
[Black "Palaiologou, Apostolos"]
[Result "0-1"]
[WhiteElo "1213"]
[BlackElo "1320"]
[PlyCount "126"]
[EventDate "2020.10.31"]
[EventType "swiss"]
[EventRounds "7"]
[EventCountry "NET"]
[SourceTitle "EXT 2023"]
[Source "ChessBase"]
[SourceDate "2022.10.05"]
[SourceVersion "1"]
[SourceVersionDate "2022.10.05"]
[SourceQuality "1"]

1. e4 c5 2. Nf3 d6 3. d4 cxd4 4. Nxd4 Nf6 5. Nc3 a6 6. Be3 e6 7. f3 b5 8. a3 Bb7 9. Qd2 Nbd7 10. Nb3 Be7 11. Be2 Qc7 12. g4 Nb6 13. h4 Nfd7 14. g5 Ne5 15. Bxb6 Qxb6 16. 0-0-0 Rb8 17. f4 Nc4 18. Qd4 Qxd4 19. Nxd4 h6 20. Rdg1 hxg5 21. hxg5 Kd7 22. Bg4 Ne3 23. Bh3 Kc7 24. g6 Bf6 25. Nde2 fxg6 26. Rg3 Nc4 27. Rhg1 Rbe8 28. Bf1 e5 29. fxe5 Rxe5 30. Nf4 Bxe4 31. Nxe4 Rxe4 32. Nd5+ Kc6 33. Bxc4 Rxc4 34. Nxf6 gxf6 35. Rxg6 Re8 36. R6g2 f5 37. Rf1 f4 38. Rgf2 Rf8 39. b3 Re4 40. Kd2 d5 41. Rf3 d4 42. c3 Kd5 43. Rd3 Ke5 44. cxd4+ Rxd4 45. Re1+ Kd5 46. b4 f3 47. Rf1 Rxd3+ 48. Kxd3 f2 49. Ke2 Kc4 50. Rb1 f1Q+ 51. Rxf1 Rxf1 52. Kxf1 Kb3 53. Ke2 Kxa3 54. Kd2 Kxb4 55. Kc2 a5 56. Kb2 Kc4 57. Kc2 a4 58. Kb2 b4 59. Kc2 a3 60. Kb1 Kc3 61. Ka1 b3 62. Kb1 b2 63. Ka2 Kc2 0-1

[Event "Balkan-ch U10"]
[Site "Tornelo INT"]
[Date "2020.11.01"]
[Round "6"]
[White "Zizic, Djordje"]
[Black "Yordanov, Mario"]
[Result "0-1"]
[WhiteElo "1314"]
[BlackElo "1213"]
[PlyCount "28"]
[EventDate "2020.10.31"]
[EventType "swiss"]
[EventRounds "7"]
[EventCountry "NET"]
[SourceTitle "EXT 2023"]
[Source "ChessBase"]
[SourceDate "2022.10.05"]
[SourceVersion "1"]
[SourceVersionDate "2022.10.05"]
[SourceQuality "1"]

1. c4 e5 2. Nc3 Nf6 3. Nf3 Nc6 4. d4 exd4 5. Nxd4 Bc5 6. Nxc6 bxc6 7. Bg5 Bxf2+ 8. Kd2 Bb6 9. e4 Ba5 10. Kc1 Qe7 11. Bd3 Bxc3 12. bxc3 Qa3+ 13. Kb1 Rb8+ 14. Kc2 Qb2# 0-1